| 000 | 01235cam a2200349 i 4500 | ||
|---|---|---|---|
| 001 | bg | ||
| 003 | BPK | ||
| 005 | 20220314113426.0 | ||
| 008 | 081017s2008 pl a f f |001 0 pol | ||
| 015 | _aPB 27849/2008 | ||
| 020 | _a9788301155674 | ||
| 040 | _cBPK | ||
| 041 | 1 |
_apol _heng |
|
| 044 | _aPOL | ||
| 080 | _a608.1 | ||
| 080 | _a(075.8) | ||
| 100 | 1 |
_aMepham, Ben _d(1940- ). |
|
| 245 | 1 | 0 |
_aBioetyka : _bwprowadzenie dla studentów nauk biologicznych / _cBen Mepham ; z jęz. ang. przeł. Ewa Bartnik, Paweł Golik, Joanna Klimczyk ; red. nauk. przekł. Paweł Łuków. |
| 246 | 1 |
_iTyt. oryg.: _aBioethics |
|
| 260 |
_aWarszawa : _bWydawnictwo Naukowe PWN, _c2008. |
||
| 300 |
_aXXIV, [2], 423, [2] s. : _bil. ; _c14 cm. |
||
| 500 | _aTyt. oryg.: "Bioethics" 2005. | ||
| 504 | _aIndeksy. | ||
| 655 | 4 | _aPodręczniki akademickie | |
| 650 | 4 | _aBioetyka | |
| 700 | 1 |
_aGolik, Paweł _d(1970- ). _eTł. |
|
| 700 | 1 |
_aKlimczyk, Joanna. _eTł. |
|
| 710 | 2 |
_aWydawnictwo Naukowe PWN _4pbl. |
|
| 700 | 1 |
_aBartnik, Ewa _d(1949- ) _eTłumaczenie |
|
| 856 |
_uhttp://koha.tu.koszalin.pl/cgi-bin/koha/opac-detail.pl?biblionumber=55915 _yKatalog online BPK |
||
| 942 |
_cKS _2UKD |
||
| 999 |
_c55915 _d55915 |
||